00283nam a22001097a 4500003000500000038001300005082001800018100002300036245005500059260004600114300001300160NUST aM.Ramzan a624.1821bGHO aGhosh, Karuna Moy. aAnalysis and design practice of steel structures / aNew Delhi:bPHI Learning Private, c2010. a209 P, :